| 000 | 00521nam a2200157 i 4500 | ||
|---|---|---|---|
| 001 | 150235 | ||
| 003 | ES-MaACL | ||
| 007 | t| | ||
| 008 | 071029s1930 sp ||||1| spa d | ||
| 100 | 1 |
_aVaccari, Lino. _9112365 |
|
| 245 | 1 | 3 |
_aEl hombre, los animales y las plantas _b: nociones de morfología y biología / _cLino Vaccari ; versión de la cuarta edición italiana. |
| 250 | _a1ª ed. | ||
| 260 |
_aBarcelona : _b[s.n., _c1930] ( _fTalls. Gráfs. Olympia) |
||
| 300 |
_a283 p. ; _c23 cm. |
||
| 852 |
_aES-MaACL _jB-9223 |
||
| 999 |
_c150235 _d150235 |
||